000 01004 a2200361 4500
005 20251210100844.0
008 251210b |||||||| |||| 00| 0 eng d
041 _aFr
044 _aCIV
090 _bDG/A/1666
100 _aBROU, Kouame Christian
100 _aATSIN, Guy Noel Olivier
100 _aKOFFi, Koffi Richard
100 _aPUGEAUX, Pauline
110 _aCentre National de Recherche Agronomique
110 _bCote d'Ivoire
245 _aManuel de formation sur l'utilisation et la maintenance de la debroussailleuse STIHL FS 410 C-E
260 _aAbidjan Cote d'Ivoire
260 _bCNRA
260 _bCIRAD
260 _cSCB
302 _a32 p.
388 _a2025-12-10
650 _2AGROVOC
_gCNRA
650 _gCIRAD
650 _gFormation
650 _gManuel
650 _gDebroussailleuse
650 _gSTIHL FS 410 C-E
650 _gMaintenance
650 _gUtilisation
856 _uhttps://ftech.byethost7.com/wp-content/uploads/2025/12/DGA1666.pdf
999 _c5996
_d5996